| 000 | 00428nam a22001697a 4500 | ||
|---|---|---|---|
| 003 | OSt | ||
| 005 | 20211014133802.0 | ||
| 008 | 211014b |||||||| |||| 00| 0 eng d | ||
| 020 | _a9780415536677 | ||
| 040 | _cHU | ||
| 082 | _a304.2/UND | ||
| 100 |
_aJESSE DILLARD _913702 |
||
| 245 | _aUNDERSTANDING THE SOCIAL DIMENSION OF SUSTAINABILITY | ||
| 260 |
_bNEW YORK _aROUTLEDGE _c2009 |
||
| 300 | _a300P | ||
| 942 |
_2ddc _cBOOKS _n0 |
||
| 999 |
_c12783 _d12783 |
||